| 000 | 00858nam a2200265Ia 4500 | ||
|---|---|---|---|
| 999 |
_c49678 _d49678 |
||
| 001 | 16611 | ||
| 003 | GE_BSU | ||
| 005 | 20221114105520.0 | ||
| 008 | 181216s2013||||en |||||||||||||| ||eng|| | ||
| 020 | _a 9781305088313x | ||
| 040 | _cGE_BSU | ||
| 080 | _a159.922.7 M-29 | ||
| 100 |
_aMarotz, Lynn R, _96637 |
||
| 245 |
_aDevelopmental profiles : _bpre-birth through adolescence / _cLynn R, Marotz ; Allen K. Eileen |
||
| 250 | _a7th edition published | ||
| 260 | _aBoston, MA, USA | ||
| 264 |
_aBoston, MA, USA _bBelmont, CA : Wadsworth/Cengage Learning, _c2013. |
||
| 300 |
_a309 p .: _bill,; _c28 cm. |
||
| 653 | _aChild development. | ||
| 653 | _aDevelopmental profiles | ||
| 653 | _aბავშვის განვითარება | ||
| 653 | _aფსიქოლოგია | ||
| 700 |
_aEileen Allen, K _96638 |
||
| 942 |
_cBK _2udc |
||